Nasib Si Burung kecil

Bibliographic Details
Other Authors: Safura (penyusun)
Format: Book
Published: Kuala Lumpur : Fargoes , 2002
Series:Tekun membaca
Subjects:

MARC

LEADER 00000cam a2200000 7i4500
001 0000002052
005 20220105103932.0
008 070710
020 |a 9679279456 
090 0 0 |a JP   |b MAL (2022) 
245 0 0 |a Nasib Si Burung kecil   |c Safura (penyusun) 
260 |a Kuala Lumpur :   |b Fargoes ,   |c 2002 
440 0 |a Tekun membaca 
500 |a Children age 4-6 years old (yellow) 
650 0 |a Junior preschool   |x Malay   |x Languages 
700 0 |a Safura (penyusun) 
999 |a 0000896422   |b Book   |c Children Collection   |e Cawangan Tangkak 
999 |a 0000953753   |b Book   |c Children Collection   |e Cawangan Taman Universiti 
999 |a 0000956941   |b Book   |c Children Collection   |e Cawangan Bandar Penawar 
999 |a 0000956942   |b Book   |c Children Collection   |e Perbadanan Perpustakaan Awam Johor 
999 |a 0000956943   |b Book   |c Children Collection   |e Cawangan Pontian 
999 |a 0000956944   |b Book   |c Children Collection   |e Perbadanan Perpustakaan Awam Johor 
999 |a 0001164847   |b Book   |c Children Collection   |e Cawangan Tangkak 
999 |a 0001164855   |b Book   |c Children Collection   |e Cawangan Tmn. Ungku Tun Aminah